| 000 | 01777nam a2200433Ii 4500 | ||
|---|---|---|---|
| 001 | 1984508 | ||
| 003 | OSt | ||
| 005 | 20250901093513.0 | ||
| 008 | 180508t20182018nyu e 000 1 eng d | ||
| 020 |
_a9781335543745 _q(paperback) |
||
| 020 |
_a1335543740 _q(paperback) |
||
| 035 | _a(OCoLC)1035016656 | ||
| 040 |
_aGO4 _beng _erda _cGO4 _dIFA |
||
| 049 | _aIFAA | ||
| 100 | 1 |
_aScott, Laura, _d1961- _eauthor. |
|
| 245 | 1 | 0 |
_aPrimary suspect / _cLaura Scott. |
| 264 | 1 |
_aNew York : _bLove Inspired Books, _c[2018] |
|
| 264 | 4 | _c♭2018 | |
| 300 |
_a281 pages ; _c17 cm. |
||
| 336 |
_atext _btxt _2rdacontent |
||
| 337 |
_aunmediated _bn _2rdamedia |
||
| 338 |
_avolume _bnc _2rdacarrier |
||
| 490 | 1 | _aLove inspired suspense. Larger print | |
| 490 | 1 | _aCallahan confidential | |
| 520 | _a"When fire investigator Mitch Callahan is attacked at a crime scene, he's shocked to uncover the body of a slain ex-girlfriend--and realize someone's framing him for murder. Widowed ER nurse Dana Petrie believes Mitch is innocent, and not just because he makes her feel alive again after tragedy marred her past. But is she willing to risk everything only to love and lose again?"--Page 4 of cover. | ||
| 650 | 0 |
_aNurses _vFiction. |
|
| 650 | 0 |
_aFire investigation _vFiction. |
|
| 650 | 0 |
_aMan-woman relationships _vFiction. |
|
| 650 | 0 |
_aMurder _vFiction. |
|
| 655 | 7 |
_aChristian fiction. _2lcgft |
|
| 655 | 7 |
_aRomance fiction. _2lcgft |
|
| 655 | 7 |
_aThrillers (Fiction) _2lcgft |
|
| 800 | 1 |
_aScott, Laura, _d1961- _tCallahan confidential. |
|
| 830 | 0 |
_aLove inspired suspense. _pLarger print. |
|
| 902 | _aMARCIVE | ||
| 942 | _cBK | ||
| 999 |
_c31062 _d31060 |
||
| 999 | _bCHRISTIAN FICTION SCOTT | ||